Optimization of the Characterization of the Thermal Properties of the Building Envelope Analysis of the Characterization of the Façades using Artificial Intelligence (Record no. 616347)
[ view plain ]
| 000 -LEADER | |
|---|---|
| fixed length control field | 00373nam a22000977a 4500 |
| 020 ## - INTERNATIONAL STANDARD BOOK NUMBER | |
| International Standard Book Number | 978-3030636289 |
| 040 ## - CATALOGING SOURCE | |
| Transcribing agency | NUST |
| 082 ## - DEWEY DECIMAL CLASSIFICATION NUMBER | |
| Classification number | 691.23 |
| Author Mark | DAV |
| 245 ## - TITLE STATEMENT | |
| Title | Optimization of the Characterization of the Thermal Properties of the Building Envelope Analysis of the Characterization of the Façades using Artificial Intelligence |
| Remainder of title | By David Bienvenido-Huertas |
| 942 ## - ADDED ENTRY ELEMENTS (KOHA) | |
| Source of classification or shelving scheme | |
| Koha item type | Book |
| Withdrawn status | Lost status | Source of classification or shelving scheme | Damaged status | Not for loan | Permanent Location | Current Location | Date acquired | Total Checkouts | Full call number | Barcode | Date last seen | Price effective from | Koha item type |
|---|---|---|---|---|---|---|---|---|---|---|---|---|---|
| School of Civil and Environmental Engineering (SCEE) | School of Civil and Environmental Engineering (SCEE) | 02/23/2026 | 691.23 / DAV | NIT-13799 | 02/23/2026 | 02/23/2026 | Book |
